| 000 -LEADER |
| fixed length control field |
01396cam a2200397 a 4500 |
| 001 - CONTROL NUMBER |
| control field |
10178013 |
| 005 - DATE AND TIME OF LATEST TRANSACTION |
| control field |
20170105102849.0 |
| 008 - FIXED-LENGTH DATA ELEMENTS--GENERAL INFORMATION |
| fixed length control field |
120618s2013 nyua b 001 0 eng |
| 010 ## - LIBRARY OF CONGRESS CONTROL NUMBER |
| LC control number |
2012015352 |
| 020 ## - INTERNATIONAL STANDARD BOOK NUMBER |
| International Standard Book Number |
9780415807050 (hardcover : alk. paper) |
| 020 ## - INTERNATIONAL STANDARD BOOK NUMBER |
| International Standard Book Number |
0415807050 (hardcover : alk. paper) |
| 020 ## - INTERNATIONAL STANDARD BOOK NUMBER |
| International Standard Book Number |
9780415637770 (pbk. : alk. paper) |
| 020 ## - INTERNATIONAL STANDARD BOOK NUMBER |
| International Standard Book Number |
0415637775 (pbk. : alk. paper) |
| 024 ## - OTHER STANDARD IDENTIFIER |
| Standard number or code |
99952432629 |
| 035 ## - SYSTEM CONTROL NUMBER |
| System control number |
(OCoLC)796001692 |
| Canceled/invalid control number |
(OCoLC)772112355 |
| 035 ## - SYSTEM CONTROL NUMBER |
| System control number |
(OCoLC)ocn796001692 |
| 035 ## - SYSTEM CONTROL NUMBER |
| System control number |
(NNC)10178013 |
| 040 ## - CATALOGING SOURCE |
| Original cataloging agency |
DLC |
| Language of cataloging |
eng |
| Transcribing agency |
DLC |
| Modifying agency |
YDX |
| -- |
BTCTA |
| -- |
YDXCP |
| 042 ## - AUTHENTICATION CODE |
| Authentication code |
pcc |
| 050 00 - LIBRARY OF CONGRESS CALL NUMBER |
| Classification number |
RC552.P67 |
| Item number |
H427 2013 |
| 082 00 - DEWEY DECIMAL CLASSIFICATION NUMBER |
| Classification number |
616.85212 |
| Edition number |
23 |
| 245 00 - TITLE STATEMENT |
| Title |
Healing war trauma : |
| Remainder of title |
a handbook of creative approaches / |
| Statement of responsibility, etc. |
edited by Raymond Monsour Scurfield and Katherine Theresa Platoni. |
| 260 ## - PUBLICATION, DISTRIBUTION, ETC. |
| Place of publication, distribution, etc. |
New York : |
| Name of publisher, distributor, etc. |
Routledge, |
| Date of publication, distribution, etc. |
2013. |
| 300 ## - PHYSICAL DESCRIPTION |
| Extent |
xxiv, 318 p. : |
| Other physical details |
ill. ; |
| Dimensions |
23 cm. |
| 490 1# - SERIES STATEMENT |
| Series statement |
Routledge psychosocial stress series ; |
| Volume/sequential designation |
44 |
| 504 ## - BIBLIOGRAPHY, ETC. NOTE |
| Bibliography, etc. note |
Includes bibliographical references and index. |
| 650 #0 - SUBJECT ADDED ENTRY--TOPICAL TERM |
| Topical term or geographic name entry element |
Post-traumatic stress disorder |
| General subdivision |
Treatment. |
| 650 #0 - SUBJECT ADDED ENTRY--TOPICAL TERM |
| Topical term or geographic name entry element |
Veterans |
| General subdivision |
Mental health. |
| 650 #0 - SUBJECT ADDED ENTRY--TOPICAL TERM |
| Topical term or geographic name entry element |
Psychic trauma |
| General subdivision |
Treatment. |
| 700 1# - ADDED ENTRY--PERSONAL NAME |
| Personal name |
Scurfield, Raymond M. |
| 700 1# - ADDED ENTRY--PERSONAL NAME |
| Personal name |
Platoni, Katherine Theresa. |
| 830 #0 - SERIES ADDED ENTRY--UNIFORM TITLE |
| Uniform title |
Routledge psychosocial stress series ; |
| Volume/sequential designation |
44. |
| 942 ## - ADDED ENTRY ELEMENTS (KOHA) |
| Source of classification or shelving scheme |
|
| Koha item type |
Book |
| 948 1# - LOCAL PROCESSING INFORMATION (OCLC); SERIES PART DESIGNATOR (RLIN) |
| Series part designator, SPT (RLIN) |
20130312 |
| b (OCLC) |
c |
| c (OCLC) |
tp2276 |
| d (OCLC) |
MPS |